European regions Quiz Stats

 Plays Quiz not verified by Sporcle

Score 0/74 Timer 15:00
0 Plays Today
Country Region % Correct
GermanyBavaria
79.1%
ItalySicily
74.8%
SpainCatalonia
71.3%
ItalySardinia
68.3%
GermanyBerlin
64.1%
FranceBrittany
63.9%
ItalyTuscany
63.5%
SpainBasque Country
63.5%
SpainAndalusia
60%
GermanySaxony
58.5%
FranceAlsace
57%
SpainMadrid
55.2%
GermanyHamburg
53.9%
FranceCorsica
53%
SpainGalicia
52.8%
ItalyLombardy
52.2%
SpainValencia
50.2%
FranceLorraine
49.8%
ItalyLazio
49.3%
FranceÎle-de-France
47.6%
GermanyBremen
46.5%
GermanyBrandenburg
45.7%
ItalyVeneto
45%
SpainAragon
45%
FranceBurgundy
43%
ItalyCalabria
43%
GermanyLower Saxony
42.6%
ItalyPiedmont
42.6%
SpainBalearic Islands
41.3%
GermanySaarland
38.9%
GermanyHesse
37.6%
GermanySchleswig-Holstein
37.2%
SpainAsturias
36.7%
SpainExtremadura
36.5%
GermanySaxony-Anhalt
36.3%
SpainMurcia
36.1%
GermanyNorth Rhine-Westphalia
35.9%
Country Region % Correct
ItalyUmbria
35.4%
FranceAquitaine
35%
SpainNavarre
35%
SpainCastile and Léon
34.6%
ItalyLiguria
34.3%
ItalyEmilia-Romagna
33.9%
GermanyThuringia
33.3%
FranceUpper Normandy
33%
GermanyBaden-Württemberg
33%
FranceLower Normandy
32.8%
SpainCastile-La Mancha
32%
ItalyCampania
30.2%
SpainCantabria
30%
FrancePicardy
29.8%
ItalyApulia
29.8%
ItalyAbruzzo
29.6%
GermanyRhineland-Palatinate
29.3%
ItalyAosta Valley
29.1%
FranceRhône-Alpes
28.9%
FranceCentre
28.7%
FranceNord-Pas-de-Calais
27.8%
GermanyMecklenburg-Vorpommern
26.5%
ItalyMarche
26.1%
FranceLimousin
25.4%
ItalyBasilicata
25%
FranceAuvergne
24.8%
SpainLa Rioja
24.8%
FranceMidi-Pyrénées
23.3%
ItalyTrentino-Alto Adige
23%
FranceFranche-Comté
22.6%
FranceLanguedoc-Roussillon
22.4%
FranceProvence-Alpes-Côte-d'Azur
22.4%
FrancePays de la Loire
21.5%
ItalyMolise
21.1%
FranceChampagne-Ardenne
20%
ItalyFriuli-Venezia-Giulia
19.1%
FrancePoitou-Charentes
17.6%

You're not logged in!

Compare scores with friends on all Sporcle quizzes.
OR
Log In

Show Comments

Extras

Created Oct 23, 2010ReportNominate
Tags:Country Quiz, Europe Quiz, region

Top Quizzes Today


Score Distribution

Your Account Isn't Verified!

In order to create a playlist on Sporcle, you need to verify the email address you used during registration. Go to your Sporcle Settings to finish the process.

Report this User

Report this user for behavior that violates our Community Guidelines.

Details: